000 00836na a2200289 4500
001 17395
003 MIRAKIL
005 20181213154931.0
008 161024b tu 000 0
020 _a9753471380
035 _a17395
040 _aMilas
_btur
_cTR-AnCHP
041 _atur
082 _a346.0820263
_bP45g 2000
090 _a346.0820263 P45g 2000
100 _aPınar, İbrahim
245 _aGerekçeli yeni Bankalar Kanunu ve ilgili mevzuat
_cİbrahim Pınar
246 _aBankalar Kanunu
250 _a4. bs.
260 _aAnkara
_bSeçkin
_c2000
300 _a392 s.
_c13 sm.
490 _aKanun Metinleri serisi
_v4
650 _aBankacılık hukuku
_xKanunlar
_zTürkiye
650 _aBankalar ve bankacılık
_xHukuk ve mevzuat
_zTürkiye
651 _aTürkiye
_xBankalar Kanunu, 1999
942 _2ddc
_cBKS
999 _c3438
_d3438